| Tag |
First Indicator |
Second Indicator |
Subfields |
| LEADER |
00000cam a2200000 a 4500 |
| 001 |
in00000014408 |
| 005 |
20151007052216.0 |
| 008 |
860814m19869999nju 00110ceng |
| 010 |
|
|
|a 86020887
|
| 020 |
|
|
|a 0391034871 (v. 1)
|
| 035 |
|
|
|a (OCoLC)14167898
|
| 035 |
|
|
|9 AAA6774AM
|
| 040 |
|
|
|a DLC
|c DLC
|d m/c
|d TXA
|d UtOrBLW
|
| 043 |
|
|
|a a-cc---
|
| 049 |
|
|
|a TXAM
|v 1 [A11034417]
|
| 050 |
0 |
0 |
|a DS778.A1
|b G66 1986
|
| 082 |
0 |
|
|a 951.05/092/2
|a B
|2 19
|
| 100 |
1 |
|
|a Goodman, David S. G.
|
| 245 |
1 |
0 |
|a China's provincial leaders, 1949-1985 /
|c David S.G. Goodman.
|
| 264 |
|
1 |
|a Atlantic Highlands, NJ :
|b Humanities Press International,
|c 1986-
|
| 300 |
|
|
|a volumes ;
|c 24 cm.
|
| 336 |
|
|
|a text
|b txt
|2 rdacontent
|
| 337 |
|
|
|a unmediated
|b n
|2 rdamedia
|
| 338 |
|
|
|a volume
|b nc
|2 rdacarrier
|
| 490 |
1 |
|
|a [Studies on East Asia]
|
| 500 |
|
|
|a Series statement from jacket.
|
| 500 |
|
|
|a Includes index.
|
| 505 |
1 |
|
|a v. 1. Directory.
|
| 651 |
|
0 |
|a China
|x Politics and government
|y 1949-1976
|x Biography.
|
| 651 |
|
0 |
|a China
|x Politics and government
|y 1976-2002
|x Biography.
|
| 651 |
|
0 |
|a China
|v Biography.
|
| 650 |
|
0 |
|a Local officials and employees
|z China
|x Biography.
|
| 830 |
|
0 |
|a Studies on East Asia (Atlantic Highlands, N.J.)
|
| 999 |
|
|
|a MARS
|
| 999 |
f |
f |
|s 5d68fb9b-76a5-3cc1-b5bc-58d1378ab2dd
|i 49158d5a-fb96-315e-85ac-f01da7c8248b
|t 0
|
| 952 |
f |
f |
|p ric
|a Texas A&M University
|b Rellis Campus
|c Joint Library Facility
|d Remote Storage
|t 0
|e DS778.A1 G66 1986
|h Library of Congress classification
|i unmediated -- volume
|k v.1
|m A14811034417
|
| 998 |
f |
f |
|a DS778.A1 G66 1986
|s v.1
|t 0
|l Remote Storage
|